000 00847nam a2200181Ia 4500
008 100920s9999 xx 000 0 und d
082 _b79170
_a28 व 539 थ 99
100 _aसुब्बाराव एस.एन. / अनुवाद-ढुमणे व्ही.एल.
245 _aक्रीडा-साहित्याविना खेळाची तासिका.
260 _bवसुंधरा प्रकाशन , अहमदनगर.
_c1999
300 _a95
_bसाधी
365 _b25
520 _aबा.वि.शाअ.
630 _aक्रीडा-साहित्याविना खेळाची तासिका.
650 _aबा.वि.शाअ.
730 _aक्रीडा-साहित्याविना खेळाची तासिका.
942 _cBOOK
999 _c720252
_d720249